[Event "Manhem Chessweek GM"]
[Site "www.ssmanhem.se"]
[Date "2010.08.10"]
[Round "1"]
[White "Smith, Axel"]
[Black "Rasmussen, Allan Stig"]
[Result "1/2-1/2"]
[WhiteElo "2416"]
[BlackElo "2510"]
[PlyCount "50"]
[EventDate "2010.08.10"]
[EventRounds "9"]
[EventCategory "9"]

1. e4 c6 2. d4 d5 3. Nc3 dxe4 4. Nxe4 Nd7 5. Ng5 Ngf6 6. Bd3 e6 7. N1f3 Bd6 8.
Qe2 h6 9. Ne4 Nxe4 10. Qxe4 Qc7 11. O-O b6 12. Qg4 Kf8 13. b3 Bb7 14. Bb2 Nf6
15. Qh4 Nd5 16. Ne5 g5 17. Qg4 Nf4 18. Rfe1 Rg8 19. Bf1 Rd8 20. Nc4 h5 21. Qf3
c5 22. Qe3 Nd5 23. Qh3 Nf4 24. Qe3 Nd5 25. Qh3 Nf4 1/2-1/2

[Event "Manhem Chessweek GM"]
[Site "www.ssmanhem.se"]
[Date "2010.08.10"]
[Round "1"]
[White "Tikkanen, Hans"]
[Black "Spirin, Oleg"]
[Result "1/2-1/2"]
[WhiteElo "2469"]
[BlackElo "2468"]
[PlyCount "111"]
[EventDate "2010.08.10"]
[EventRounds "9"]
[EventCategory "9"]

1. d4 Nf6 2. c4 g6 3. Nc3 Bg7 4. e4 d6 5. Nf3 O-O 6. Be2 e5 7. O-O Nc6 8. d5
Ne7 9. Ne1 Nd7 10. Nd3 f5 11. Bd2 Nf6 12. f3 f4 13. c5 g5 14. cxd6 cxd6 15. Nf2
Ng6 16. Qc2 Rf7 17. Rfc1 Bd7 18. a4 Bf8 19. a5 h5 20. Qd1 Rg7 21. h3 Nh8 22.
Nb5 Bxb5 23. Bxb5 a6 24. Be2 Nf7 25. Ra4 Rc8 26. Rxc8 Qxc8 27. Rc4 Qd8 28. Qc2
Nh6 29. Rc8 Qd7 30. Bb4 g4 31. Kf1 gxf3 32. gxf3 Nh7 33. Rb8 Qe7 34. Qc8 Qg5
35. Bd1 Qg2+ 36. Ke1 Nf7 37. Rxb7 Nhg5 38. Rb8 Nxf3+ 39. Bxf3 Qxf3 40. Qxf8+
Kh7 41. Kf1 Qe3 42. Qc8 f3 43. Qf5+ Kh6 44. Bd2 Qxd2 45. Qxf3 Qc1+ 46. Ke2 Qc2+
47. Ke3 Qc7 48. Rb6 Rg1 49. Rc6 Qe7 50. Ke2 Kg7 51. Qc3 Qh4 52. Qf3 Rg3 53. Qf5
Rg5 54. Qf3 Rg3 55. Qf5 Rg5 56. Qf3 1/2-1/2

[Event "Manhem Chessweek GM"]
[Site "www.ssmanhem.se"]
[Date "2010.08.10"]
[Round "1"]
[White "Ivanov, Mikhail"]
[Black "Hillarp Persson, Tiger"]
[Result "1/2-1/2"]
[WhiteElo "2486"]
[BlackElo "2538"]
[PlyCount "29"]
[EventDate "2010.08.10"]
[EventRounds "9"]
[EventCategory "9"]

1. d4 Nf6 2. c4 g6 3. Nc3 d5 4. Nf3 Bg7 5. e3 O-O 6. Bd2 e6 7. Qb3 b6 8. Rc1 c5
9. cxd5 exd5 10. Be2 Nc6 11. O-O Bf5 12. dxc5 bxc5 13. Qb5 Qd6 14. Qa6 Rfc8 15.
b4 1/2-1/2

[Event "Manhem Chessweek GM"]
[Site "www.ssmanhem.se"]
[Date "2010.08.10"]
[Round "1"]
[White "Berg, Emanuel"]
[Black "Nithander, Victor"]
[Result "1/2-1/2"]
[WhiteElo "2612"]
[BlackElo "2409"]
[PlyCount "64"]
[EventDate "2010.08.10"]
[EventRounds "9"]
[EventCategory "9"]

1. e4 c5 2. Nf3 Nc6 3. d4 cxd4 4. Nxd4 Nf6 5. Nc3 e5 6. Ndb5 d6 7. Bg5 a6 8.
Na3 b5 9. Bxf6 gxf6 10. Nd5 Bg7 11. c3 f5 12. Bd3 Ne7 13. Nxe7 Qxe7 14. O-O O-O
15. Nc2 Rb8 16. exf5 e4 17. Re1 Bxf5 18. Ne3 Bg6 19. Nd5 Qe5 20. Bc2 a5 21. a3
Kh8 22. f3 f5 23. Qd2 Rfc8 24. Rad1 b4 25. axb4 axb4 26. fxe4 bxc3 27. bxc3
fxe4 28. Nf4 Bf5 29. Qxd6 Qxd6 30. Rxd6 Bxc3 31. Rf1 Be5 32. Rd5 Bxf4 1/2-1/2

[Event "Manhem Chessweek GM"]
[Site "www.ssmanhem.se"]
[Date "2010.08.10"]
[Round "1"]
[White "Kovachev, Daniel Jakobsen"]
[Black "Carlhammar, Magnus"]
[Result "1/2-1/2"]
[WhiteElo "2312"]
[BlackElo "2311"]
[PlyCount "95"]
[EventDate "2010.08.10"]
[EventRounds "9"]
[EventCategory "9"]

1. d4 d5 2. Nf3 Nf6 3. e3 g6 4. c4 Bg7 5. Nc3 O-O 6. Bd3 c5 7. cxd5 Nxd5 8. O-O
cxd4 9. exd4 Nc6 10. Be4 Be6 11. Bg5 h6 12. Be3 Nxc3 13. bxc3 Bd5 14. Bxd5 Qxd5
15. Qc1 Kh7 16. c4 Qd7 17. Rd1 Rac8 18. Qa3 b6 19. Rac1 Rfd8 20. h3 e6 21. d5
Na5 22. c5 exd5 23. cxb6 axb6 24. Bxb6 Nc4 25. Rxc4 Rxc4 26. Bxd8 Qxd8 27. Qa7
Rc7 28. Qa4 d4 29. Qb3 Rd7 30. Ne1 Qa5 31. Nd3 Qd5 32. Qxd5 Rxd5 33. Kf1 h5 34.
Rc1 Rd7 35. Rc2 Ra7 36. Ke2 Ra3 37. Nc1 Ra5 38. Kd3 Rg5 39. f3 Rd5 40. Kc4 Rd8
41. Nd3 Rc8+ 42. Nc5 Kh6 43. a4 Bf8 44. Kxd4 Rd8+ 45. Ke3 Rc8 46. Kd4 Rd8+ 47.
Ke4 Ra8 48. Ke3 1/2-1/2

[Event "Manhem Chessweek GM"]
[Site "www.ssmanhem.se"]
[Date "2010.08.11"]
[Round "2"]
[White "Carlhammar, Magnus"]
[Black "Smith, Axel"]
[Result "1/2-1/2"]
[WhiteElo "2311"]
[BlackElo "2416"]
[PlyCount "126"]
[EventDate "2010.08.10"]
[EventRounds "9"]
[EventCategory "9"]

1. d4 d5 2. c4 e6 3. Nf3 c6 4. Bg5 f6 5. Bd2 Bd6 6. Qb3 Qe7 7. g3 Nd7 8. Bg2 f5
9. O-O Ngf6 10. Ne1 O-O 11. Nd3 b6 12. Bf4 Bxf4 13. Nxf4 Ba6 14. Qa3 Qxa3 15.
Nxa3 Kf7 16. Rac1 Rfc8 17. Rfd1 b5 18. cxb5 cxb5 19. Nc2 Bb7 20. Na1 a5 21. Nb3
a4 22. Nc5 Nxc5 23. dxc5 Nd7 24. Nd3 Rc7 25. Rc2 Ke7 26. Rdc1 Nb8 27. Nb4 Nc6
28. Nxc6+ Bxc6 29. f4 d4 30. Bxc6 Rxc6 31. Rd2 Rac8 32. Rxd4 Rxc5 33. Rxc5 Rxc5
34. Kf2 e5 35. fxe5 Rxe5 36. Kf3 Rc5 37. Rd2 Ke6 38. e4 fxe4+ 39. Kxe4 g5 40.
Kf3 Rc4 41. h3 h5 42. a3 b4 43. axb4 Rxb4 44. Kf2 Ke5 45. Kg2 Kf5 46. Re2 g4
47. hxg4+ hxg4 48. Kf2 Rc4 49. Kf1 Rd4 50. Kf2 Rd3 51. Kg2 Rd5 52. Kf2 Rd6 53.
Kf1 Rb6 54. Kf2 Re6 55. Rxe6 Kxe6 56. Ke2 Kd6 57. Kd2 Kc6 58. Kc2 Kc5 59. Kc3
Kb5 60. Kd3 Kb4 61. Kd2 Kc5 62. Kc3 Kd5 63. Kd3 Ke5 1/2-1/2

[Event "Manhem Chessweek GM"]
[Site "www.ssmanhem.se"]
[Date "2010.08.11"]
[Round "2"]
[White "Spirin, Oleg"]
[Black "Rasmussen, Allan Stig"]
[Result "1/2-1/2"]
[WhiteElo "2468"]
[BlackElo "2510"]
[PlyCount "71"]
[EventDate "2010.08.10"]
[EventRounds "9"]
[EventCategory "9"]

1. d4 d5 2. Nf3 Nf6 3. c4 dxc4 4. Qa4+ c6 5. Qxc4 Bf5 6. g3 Nbd7 7. Nc3 e6 8.
Bg2 Be7 9. O-O O-O 10. Re1 Ne4 11. Qb3 Qb6 12. Nh4 Bxh4 13. gxh4 Ndf6 14. f3
Nxc3 15. bxc3 Qc7 16. e4 Bg6 17. Be3 Nh5 18. c4 b6 19. Qb2 Nf4 20. Bf1 Bh5 21.
Qf2 f5 22. e5 Ng6 23. f4 Qd8 24. Bg2 Nxh4 25. Bh1 Rc8 26. a4 h6 27. a5 bxa5 28.
d5 cxd5 29. cxd5 exd5 30. Bxa7 Ng6 31. Bb6 Nxf4 32. Bxd8 Nh3+ 33. Kf1 Nxf2 34.
Bxd5+ Kh8 35. Bxa5 Ne4 36. Bb4 1/2-1/2

[Event "Manhem Chessweek GM"]
[Site "www.ssmanhem.se"]
[Date "2010.08.11"]
[Round "2"]
[White "Nithander, Victor"]
[Black "Ivanov, Mikhail"]
[Result "1/2-1/2"]
[WhiteElo "2409"]
[BlackElo "2486"]
[PlyCount "48"]
[EventDate "2010.08.10"]
[EventRounds "9"]
[EventCategory "9"]

1. e4 e5 2. Nf3 Nc6 3. Bb5 a6 4. Ba4 Nf6 5. O-O Be7 6. Re1 b5 7. Bb3 d6 8. c3
O-O 9. h3 Na5 10. Bc2 c5 11. d4 d5 12. Nxe5 Nxe4 13. dxc5 Bxc5 14. Be3 Bxe3 15.
Rxe3 Qf6 16. Nd3 Nc4 17. Rf3 Qg5 18. b3 Ncd6 19. Qc1 Bb7 20. Qxg5 Nxg5 21. Re3
Rac8 22. Ne1 f5 23. f3 f4 24. Re5 Ngf7 1/2-1/2

[Event "Manhem Chessweek GM"]
[Site "www.ssmanhem.se"]
[Date "2010.08.11"]
[Round "2"]
[White "Tikkanen, Hans"]
[Black "Berg, Emanuel"]
[Result "0-1"]
[WhiteElo "2469"]
[BlackElo "2612"]
[PlyCount "96"]
[EventDate "2010.08.10"]
[EventRounds "9"]
[EventCategory "9"]

1. d4 Nf6 2. c4 g6 3. Nc3 Bg7 4. e4 d6 5. Nf3 O-O 6. Be2 e5 7. O-O Nc6 8. d5
Ne7 9. Ne1 Nd7 10. Nd3 f5 11. Bd2 Kh8 12. f3 f4 13. b4 h5 14. c5 g5 15. cxd6
cxd6 16. Nb2 Nf6 17. Nc4 Neg8 18. a4 Rf7 19. Nb5 Bf8 20. Bc3 Rg7 21. Qd2 Nd7
22. Kh1 Rg6 23. g3 fxg3 24. hxg3 a6 25. Nba3 Ndf6 26. Nxe5 dxe5 27. Nc4 Bd6 28.
Bxe5 Bxe5 29. Nxe5 Rg7 30. Qd4 Qe8 31. Nc4 Bh3 32. Rf2 Rd8 33. Ne3 g4 34. e5
Nxd5 35. Nxd5 gxf3 36. Bxf3 Be6 37. Qc5 Bxd5 38. Bxd5 Qxe5 39. Rd1 Ne7 40. Rfd2
Rxd5 41. Rxd5 Qe4+ 42. Kh2 Qe2+ 43. Kh3 Qg4+ 44. Kg2 Qxg3+ 45. Kf1 Rf7+ 46. Ke2
Qg2+ 47. Ke3 Rf3+ 48. Kd4 Qb2+ 0-1

[Event "Manhem Chessweek GM"]
[Site "www.ssmanhem.se"]
[Date "2010.08.11"]
[Round "2"]
[White "Hillarp Persson, Tiger"]
[Black "Jakobsen Kovachev, Daniel"]
[Result "1-0"]
[WhiteElo "2538"]
[BlackElo "2312"]
[PlyCount "69"]
[EventDate "2010.08.10"]
[EventRounds "9"]
[EventCategory "9"]

1. d4 f5 2. Nf3 Nf6 3. g3 e6 4. Bg2 d5 5. c4 Bd6 6. O-O O-O 7. b3 b6 8. Qc2 Ne4
9. Ne5 Bb7 10. f3 Bxe5 11. dxe5 Nc5 12. Ba3 Nbd7 13. b4 Na6 14. f4 c5 15. bxc5
bxc5 16. Rd1 Nb6 17. cxd5 Nxd5 18. Nc3 Qd7 19. Rab1 Rfd8 20. Rxb7 Qxb7 21. Nxd5
exd5 22. Qxf5 Qc6 23. e6 Nc7 24. e7 Rd7 25. Bb2 Re8 26. Be4 g6 27. Qe5 Rdxe7
28. Qh8+ Kf7 29. Qxh7+ Ke6 30. Qxg6+ Kd7 31. Bf5+ Ne6 32. Bf6 Kc7 33. Bxe7 Rxe7
34. Qf6 Re8 35. Qe5+ 1-0

[Event "Manhem Chessweek GM"]
[Site "www.ssmanhem.se"]
[Date "2010.08.12"]
[Round "3"]
[White "Jakobsen Kovachev, Daniel"]
[Black "Nithander, Victor"]
[Result "1/2-1/2"]
[WhiteElo "2312"]
[BlackElo "2409"]
[PlyCount "152"]
[EventDate "2010.08.10"]
[EventRounds "9"]
[EventCategory "9"]

1. e4 c5 2. Nf3 Nc6 3. Bb5 g6 4. Bxc6 dxc6 5. h3 Bg7 6. d3 Nf6 7. Nc3 Nd7 8.
Be3 e5 9. Qd2 Qe7 10. Bh6 Bxh6 11. Qxh6 f6 12. Nd2 Nf8 13. f4 exf4 14. Qxf4 Ne6
15. Qf2 Bd7 16. Ne2 Rf8 17. g4 O-O-O 18. O-O-O Nd4 19. Rde1 Be6 20. a3 Qd6 21.
Rhf1 Nxc2 22. Rd1 Nd4 23. Nxd4 cxd4 24. Kb1 f5 25. exf5 gxf5 26. g5 f4 27. Qf3
Qd7 28. Rh1 Bd5 29. Ne4 Rde8 30. h4 Re5 31. Rhg1 Qe7 32. Qg4+ Be6 33. Qf3 Bd5
34. Qg4+ Qe6 35. Qxe6+ Bxe6 36. Nf6 Bf5 37. Rgf1 Re3 38. Rxf4 Bxd3+ 39. Kc1 c5
40. Kd2 Rd8 41. Rc1 c4 42. Rxd4 Rxd4 43. Kxe3 Rxh4 44. b3 b5 45. a4 Kb7 46.
bxc4 bxc4 47. Nd5 Rg4 48. Nf4 Rxg5 49. Nxd3 cxd3 50. Kxd3 h5 51. Rf1 Rg7 52.
Rf5 Rh7 53. Ke2 Ka6 54. Kf1 h4 55. Kg2 Rb7 56. Rf4 Rb2+ 57. Kh3 Ka5 58. Rxh4
Rb4 59. Rh7 a6 60. Kg3 Kxa4 61. Kf3 Rb5 62. Ke2 Kb3 63. Ra7 a5 64. Kd2 Kb2 65.
Kd3 Kb3 66. Kd2 Rc5 67. Rb7+ Ka3 68. Rb8 a4 69. Rb7 Ka2 70. Rb8 a3 71. Rb7 Rc4
72. Rb8 Rh4 73. Kc2 Rh2+ 74. Kc1 Rb2 75. Rc8 Rb4 76. Kc2 Rb2+ 1/2-1/2

[Event "Manhem Chessweek GM"]
[Site "www.ssmanhem.se"]
[Date "2010.08.12"]
[Round "3"]
[White "Ivanov, Mikhail"]
[Black "Tikkanen, Hans"]
[Result "1/2-1/2"]
[WhiteElo "2486"]
[BlackElo "2469"]
[PlyCount "53"]
[EventDate "2010.08.10"]
[EventRounds "9"]
[EventCategory "9"]

1. d4 d5 2. c4 c6 3. Nc3 Nf6 4. e3 Bg4 5. f3 Bh5 6. Nh3 e6 7. Qb3 Qb6 8. Nf4
Bg6 9. Be2 Qxb3 10. axb3 Bc2 11. Bd1 Bxd1 12. Kxd1 Na6 13. c5 Nc7 14. b4 a6 15.
g4 g5 16. Nd3 h5 17. gxh5 Rxh5 18. Bd2 g4 19. Ke2 gxf3+ 20. Kxf3 Be7 21. Rag1
Rh7 22. Be1 O-O-O 23. Bg3 Nh5 24. Na4 Rdh8 25. Nb6+ Kd8 26. Be5 Bf6 27. Rg2
1/2-1/2

[Event "Manhem Chessweek GM"]
[Site "www.ssmanhem.se"]
[Date "2010.08.12"]
[Round "3"]
[White "Rasmussen, Allan Stig"]
[Black "Carlhammar, Magnus"]
[Result "1-0"]
[WhiteElo "2510"]
[BlackElo "2311"]
[PlyCount "101"]
[EventDate "2010.08.10"]
[EventRounds "9"]
[EventCategory "9"]

1. e4 e5 2. Nf3 Nc6 3. Bb5 a6 4. Ba4 Nf6 5. O-O Be7 6. Re1 b5 7. Bb3 d6 8. c3
O-O 9. h3 Na5 10. Bc2 c5 11. d4 Qc7 12. Nbd2 Nc6 13. d5 Nd8 14. a4 Rb8 15. Nf1
Ne8 16. g4 f6 17. Ng3 g6 18. Bh6 Ng7 19. axb5 axb5 20. b4 Nf7 21. Be3 Bd7 22.
Qe2 Ra8 23. c4 cxb4 24. cxb5 Bxb5 25. Qxb5 Qxc2 26. Rxa8 Rxa8 27. Qb7 Re8 28.
Qxb4 Qc8 29. Ra1 Qb8 30. Qe1 Qb3 31. Rb1 Qc2 32. Rc1 Qb3 33. Nd2 Qd3 34. Nc4
Rc8 35. Rc3 Qxc4 36. Rxc4 Rxc4 37. Qb1 Bf8 38. Qb8 Ra4 39. h4 h6 40. Kg2 Ra2
41. Qc8 Rb2 42. Kh3 Rb4 43. Kg2 Ra4 44. h5 gxh5 45. gxh5 Ng5 46. Bxg5 fxg5 47.
Nf5 Nxf5 48. exf5 Rf4 49. Qe6+ Kg7 50. Qg6+ Kh8 51. f6 1-0

[Event "Manhem Chessweek GM"]
[Site "www.ssmanhem.se"]
[Date "2010.08.12"]
[Round "3"]
[White "Berg, Emanuel"]
[Black "Spirin, Oleg"]
[Result "1-0"]
[WhiteElo "2612"]
[BlackElo "2468"]
[PlyCount "71"]
[EventDate "2010.08.10"]
[EventRounds "9"]
[EventCategory "9"]

1. e4 c5 2. Nf3 d6 3. d4 cxd4 4. Nxd4 Nf6 5. Nc3 a6 6. Bg5 Nbd7 7. Bc4 g6 8.
Qe2 Bg7 9. O-O-O O-O 10. f4 Qc7 11. f5 b5 12. Bb3 Bb7 13. h4 Nc5 14. h5 Nfxe4
15. Nxe4 Bxe4 16. hxg6 hxg6 17. Qf2 Nxb3+ 18. axb3 Rfc8 19. Rd2 d5 20. Qh4 Qe5
21. Bxe7 f6 22. Qh7+ Kf7 23. Qxg6+ Kxe7 24. Qxg7+ Kd6 25. Rh6 Rf8 26. Rh7 Rfc8
27. b4 Bxf5 28. Qe7+ Qxe7 29. Nxf5+ Ke6 30. Nxe7 Rc4 31. Nxd5 Rg8 32. Re7+ Kd6
33. Ree2 Rgg4 34. Nxf6+ Rgd4 35. Rxd4+ Rxd4 36. Rd2 1-0

[Event "Manhem Chessweek GM"]
[Site "www.ssmanhem.se"]
[Date "2010.08.12"]
[Round "3"]
[White "Smith, Axel"]
[Black "Hillarp Persson, Tiger"]
[Result "1-0"]
[WhiteElo "2416"]
[BlackElo "2538"]
[PlyCount "81"]
[EventDate "2010.08.10"]
[EventRounds "9"]
[EventCategory "9"]

1. d4 Nf6 2. c4 e6 3. Nf3 c5 4. d5 d6 5. Nc3 exd5 6. cxd5 g6 7. e4 Bg7 8. h3
O-O 9. Bd3 a6 10. a4 Nbd7 11. O-O Re8 12. Re1 Qe7 13. Bf4 Qf8 14. Bh2 Nh5 15.
Bf1 Ne5 16. Be2 Nxf3+ 17. Bxf3 Nf6 18. e5 Nd7 19. exd6 Ne5 20. Ne4 b6 21. a5 f5
22. Ng5 Qxd6 23. Ne6 Bxe6 24. dxe6 Qxd1 25. Bxd1 Nd3 26. Re3 Nxb2 27. axb6 Nc4
28. Rb1 Nxe3 29. fxe3 Bf6 30. b7 Rab8 31. Ba4 Red8 32. Bd7 c4 33. Bxb8 Rxb8 34.
Bc8 a5 35. Rb5 f4 36. Rxa5 fxe3 37. Kf1 c3 38. Rc5 Kf8 39. Ke2 Bd4 40. Rc4 Be5
41. Kxe3 1-0

[Event "Manhem Chessweek GM"]
[Site "www.ssmanhem.se"]
[Date "2010.08.13"]
[Round "4"]
[White "Hillarp Persson, Tiger"]
[Black "Rasmussen, Allan Stig"]
[Result "0-1"]
[WhiteElo "2538"]
[BlackElo "2510"]
[PlyCount "112"]
[EventDate "2010.08.10"]
[EventRounds "9"]
[EventCategory "9"]

1. e4 c6 2. d4 d5 3. e5 Bf5 4. Nf3 e6 5. Be2 Nd7 6. O-O h6 7. Nbd2 Ne7 8. Nb3
Nc8 9. Bd2 Be7 10. Na5 Rb8 11. a3 O-O 12. Bb4 Qc7 13. Bxe7 Nxe7 14. b4 c5 15.
dxc5 b6 16. cxb6 axb6 17. Nb3 Bxc2 18. Qc1 Rfc8 19. Nbd4 Be4 20. Ba6 Qxc1 21.
Raxc1 Rxc1 22. Rxc1 Ng6 23. Rc7 Ra8 24. Bb5 Ndxe5 25. Nxe5 Nxe5 26. Rc3 Nc4 27.
a4 e5 28. Nc6 Nd6 29. f3 d4 30. Rc1 Nxb5 31. axb5 Bd3 32. Nxe5 Bxb5 33. Nc6 d3
34. Ne7+ Kf8 35. Nd5 Ba4 36. Nxb6 d2 37. Rf1 Rd8 38. Nxa4 d1=Q 39. Rxd1 Rxd1+
40. Kf2 Rd4 41. Nc3 Rxb4 42. g4 Rb3 43. Ne4 Ke7 44. h4 g6 45. Kg3 Rb4 46. Nf2
Ke6 47. Nd3 Rd4 48. Nf4+ Ke5 49. Ng2 Ra4 50. Ne3 f5 51. gxf5 gxf5 52. Ng2 h5
53. Ne1 f4+ 54. Kh3 Kd4 55. Kg2 Ra2+ 56. Kh3 Ra4 0-1

[Event "Manhem Chessweek GM"]
[Site "www.ssmanhem.se"]
[Date "2010.08.13"]
[Round "4"]
[White "Spirin, Oleg"]
[Black "Carlhammar, Magnus"]
[Result "1-0"]
[WhiteElo "2468"]
[BlackElo "2311"]
[PlyCount "85"]
[EventDate "2010.08.10"]
[EventRounds "9"]
[EventCategory "9"]

1. d4 d5 2. Nf3 Nf6 3. c4 e6 4. g3 Bb4+ 5. Bd2 Be7 6. Bg2 O-O 7. Qc2 c6 8. O-O
b6 9. Bg5 Bb7 10. Nbd2 h6 11. Bxf6 Bxf6 12. e4 Nd7 13. e5 Be7 14. Ne1 c5 15.
cxd5 Bxd5 16. Bxd5 exd5 17. f4 cxd4 18. Ndf3 Rc8 19. Qd1 Nc5 20. Nxd4 Ne6 21.
Nf5 Bc5+ 22. Kg2 d4 23. Nd3 Qd5+ 24. Qf3 Qxf3+ 25. Rxf3 Rfd8 26. Rd1 Bf8 27.
Rf2 g6 28. Nh4 Nc7 29. Kf3 Nd5 30. Ng2 Nb4 31. Nxb4 Bxb4 32. a3 Be7 33. Ne1 b5
34. Ke4 f5+ 35. Kd3 b4 36. axb4 Bxb4 37. Rc2 Bxe1 38. Rxc8 Rxc8 39. Rxe1 Rb8
40. Kxd4 Rxb2 41. Ra1 Rxh2 42. Kd5 Rh3 43. Ke6 1-0

[Event "Manhem Chessweek GM"]
[Site "www.ssmanhem.se"]
[Date "2010.08.13"]
[Round "4"]
[White "Tikkanen, Hans"]
[Black "Jakobsen Kovachev, Daniel"]
[Result "1-0"]
[WhiteElo "2469"]
[BlackElo "2312"]
[PlyCount "89"]
[EventDate "2010.08.10"]
[EventRounds "9"]
[EventCategory "9"]

1. d4 d6 2. c4 e5 3. d5 Nd7 4. Nc3 a5 5. e4 g6 6. h4 h5 7. g3 Nc5 8. Bg5 f6 9.
Be3 Bg7 10. Be2 f5 11. exf5 Bxf5 12. Nf3 Qe7 13. Bxc5 dxc5 14. Qa4+ Kf8 15. Ng5
e4 16. Qb3 b6 17. O-O Bd4 18. Ne6+ Bxe6 19. dxe6 Qxe6 20. Rae1 Nf6 21. Nxe4 Kg7
22. Ng5 Qd6 23. Kg2 Rae8 24. Qc2 Rhf8 25. f3 Nh7 26. Nxh7 Kxh7 27. f4 Kg7 28.
Bd3 Qf6 29. b3 Kh6 30. a4 Kg7 31. Qd1 Kh6 32. Qc2 Kg7 33. Qd1 Kh6 34. f5 Rxe1
35. Qxe1 gxf5 36. Rxf5 Qxf5 37. Bxf5 Rxf5 38. Qe7 Rf2+ 39. Kh3 Rf6 40. Qxc7 Kg6
41. Qe7 Kh6 42. g4 Rf3+ 43. Kg2 hxg4 44. Qg5+ Kh7 45. Qh5+ 1-0

[Event "Manhem Chessweek GM"]
[Site "www.ssmanhem.se"]
[Date "2010.08.13"]
[Round "4"]
[White "Nithander, Victor"]
[Black "Smith, Axel"]
[Result "1-0"]
[WhiteElo "2409"]
[BlackElo "2416"]
[PlyCount "75"]
[EventDate "2010.08.10"]
[EventRounds "9"]
[EventCategory "9"]

1. c4 g6 2. g3 c5 3. Bg2 Bg7 4. e4 Nc6 5. Ne2 e6 6. Nbc3 Nge7 7. O-O O-O 8. d3
a6 9. Bg5 Rb8 10. Qd2 b5 11. f4 b4 12. Nd1 h6 13. Bh4 Nd4 14. g4 Nxe2+ 15. Qxe2
Bd4+ 16. Kh1 f6 17. Ne3 Bb7 18. Rae1 b3 19. axb3 Bc6 20. Nc2 Bxb2 21. Rb1 Bc3
22. Bf2 d6 23. d4 cxd4 24. Nxd4 Bxd4 25. Bxd4 Qc7 26. b4 e5 27. Be3 exf4 28.
Bxf4 g5 29. Bg3 Ng6 30. c5 Ne5 31. cxd6 Qxd6 32. Qxa6 Qd7 33. Bxe5 fxe5 34.
Rxf8+ Rxf8 35. b5 Rb8 36. Qa2+ Qf7 37. Qxf7+ Kxf7 38. Rf1+ 1-0

[Event "Manhem Chessweek GM"]
[Site "www.ssmanhem.se"]
[Date "2010.08.13"]
[Round "4"]
[White "Berg, Emanuel"]
[Black "Ivanov, Mikhail"]
[Result "1-0"]
[WhiteElo "2612"]
[BlackElo "2486"]
[PlyCount "76"]
[EventDate "2010.08.10"]
[EventRounds "9"]
[EventCategory "9"]

1. e4 e5 2. Nf3 Nc6 3. d4 exd4 4. Nxd4 Bc5 5. Nb3 Bb6 6. Nc3 Nf6 7. Qe2 d6 8.
Be3 O-O 9. O-O-O Be6 10. f3 Nd7 11. Nd4 Nxd4 12. Bxd4 Qg5+ 13. Qd2 Qxd2+ 14.
Rxd2 a6 15. f4 f6 16. Be2 Rfe8 17. Bf3 Rab8 18. Bxb6 Nxb6 19. Rd4 g6 20. a4 Kg7
21. a5 Nc8 22. Nd5 Bxd5 23. exd5 Na7 24. Kd2 f5 25. Re1 Rxe1 26. Kxe1 Kf6 27.
Rc4 Nb5 28. Rb4 b6 29. axb6 cxb6 30. Kf2 Ke7 31. Kg3 Nc7 32. Kh4 h6 33. Rb3 a5
34. Ra3 Kf7 35. Kg3 Ne8 36. Rc3 Rb7 37. Rc6 Ke7 38. Be2 Nf6 1-0

[Event "Manhem Chessweek GM"]
[Site "www.ssmanhem.se"]
[Date "2010.08.14"]
[Round "5"]
[White "Ivanov, Mikhail"]
[Black "Spirin, Oleg"]
[Result "1/2-1/2"]
[WhiteElo "2486"]
[BlackElo "2468"]
[PlyCount "22"]
[EventDate "2010.08.10"]
[EventRounds "9"]
[EventCategory "9"]
[TimeControl "7200+60"]
[WhiteClock "1:50:51"]
[BlackClock "2:00:00"]

1. d4 d5 2. c4 e6 3. Nc3 c6 4. e3 f5 5. f4 Nf6 6. Nf3 Bd6 7. Be2 O-O 8. O-O b6
9. Bd2 Bb7 10. cxd5 exd5 11. Be1 Nbd7 1/2-1/2

[Event "Manhem Chessweek GM"]
[Site "www.ssmanhem.se"]
[Date "2010.08.14"]
[Round "5"]
[White "Carlhammar, Magnus"]
[Black "Hillarp Persson, Tiger"]
[Result "0-1"]
[WhiteElo "2311"]
[BlackElo "2538"]
[PlyCount "68"]
[EventDate "2010.08.10"]
[EventRounds "9"]
[EventCategory "9"]
[TimeControl "7200+1430"]
[WhiteClock "0:04:38"]
[BlackClock "2:00:00"]

1. Nf3 Nf6 2. g3 e6 3. Bg2 d5 4. O-O b5 5. a4 b4 6. d3 c5 7. Nbd2 Nc6 8. e4 Be7
9. Re1 Bb7 10. exd5 Nxd5 11. Nc4 O-O 12. Be3 Rc8 13. Nfd2 Ba6 14. Qh5 g6 15.
Qe2 Nxe3 16. fxe3 f5 17. Nb3 Bxc4 18. dxc4 Ne5 19. Nd2 Bf6 20. Rad1 Qc7 21. b3
h5 22. Nf1 Nf7 23. Rb1 Kg7 24. Red1 h4 25. Qf3 Ng5 26. Qe2 hxg3 27. hxg3 Be5
28. g4 f4 29. exf4 Bxf4 30. Qd3 Rcd8 31. Qe2 Be5 32. Rxd8 Rxd8 33. Be4 Bd4+ 34.
Kg2 Rf8 0-1

[Event "Manhem Chessweek GM"]
[Site "www.ssmanhem.se"]
[Date "2010.08.14"]
[Round "5"]
[White "Rasmussen, Allan Stig"]
[Black "Nithander, Victor"]
[Result "1/2-1/2"]
[WhiteElo "2510"]
[BlackElo "2409"]
[PlyCount "35"]
[EventDate "2010.08.10"]
[EventRounds "9"]
[EventCategory "9"]
[TimeControl "7200+2910"]
[WhiteClock "2:00:00"]
[BlackClock "0:58:11"]

1. d4 Nf6 2. c4 g6 3. Nf3 Bg7 4. g3 c6 5. Bg2 d5 6. b3 O-O 7. O-O Ne4 8. Bb2 a5
9. Nc3 Bf5 10. Re1 Nd7 11. Nxe4 Bxe4 12. Bf1 Bxf3 13. exf3 e6 14. Qc2 Re8 15.
f4 a4 16. c5 b5 17. b4 f5 18. Re3 1/2-1/2

[Event "Manhem Chessweek GM"]
[Site "www.ssmanhem.se"]
[Date "2010.08.14"]
[Round "5"]
[White "Jakobsen Kovachev, Daniel"]
[Black "Berg, Emanuel"]
[Result "0-1"]
[WhiteElo "2312"]
[BlackElo "2612"]
[PlyCount "92"]
[EventDate "2010.08.10"]
[EventRounds "9"]
[EventCategory "9"]
[TimeControl "7200+1605"]
[WhiteClock "0:54:22"]
[BlackClock "2:00:00"]

1. e4 c5 2. c3 Nf6 3. e5 Nd5 4. Nf3 e6 5. d4 cxd4 6. cxd4 Nc6 7. a3 d6 8. Bc4
Qc7 9. Qe2 Nb6 10. Bb5 a6 11. Bxc6+ Qxc6 12. O-O Bd7 13. Nc3 Qc4 14. Re1 Qxe2
15. Rxe2 Bc6 16. Ne4 Rc8 17. Bf4 Bxe4 18. Rxe4 Kd7 19. Ng5 Be7 20. Rae1 Rc2 21.
R4e2 Rxe2 22. Rxe2 Nd5 23. Bd2 Bxg5 24. Bxg5 Rc8 25. Kf1 Rc4 26. Be3 dxe5 27.
dxe5 Kc6 28. Ke1 Kb5 29. Kd1 Re4 30. Bc1 Rxe2 31. Kxe2 Kc4 32. f4 b5 33. g3 Kb3
34. Kd3 Nb6 35. g4 Na4 36. f5 Nxb2+ 37. Kd4 Na4 38. f6 g6 39. Ke3 Nc3 40. Bd2
Nd5+ 41. Kd4 Kxa3 42. Kc5 b4 43. Kd6 b3 44. Bc1+ b2 45. Bxb2+ Kxb2 46. Kd7 Kc3
0-1

[Event "Manhem Chessweek GM"]
[Site "www.ssmanhem.se"]
[Date "2010.08.14"]
[Round "5"]
[White "Smith, Axel"]
[Black "Tikkanen, Hans"]
[Result "1/2-1/2"]
[WhiteElo "2416"]
[BlackElo "2469"]
[PlyCount "34"]
[EventDate "2010.08.10"]
[EventRounds "9"]
[EventCategory "9"]
[TimeControl "7200+2975"]
[WhiteClock "1:06:45"]
[BlackClock "2:00:00"]

1. e4 c5 2. Nf3 e6 3. d4 cxd4 4. Nxd4 Nc6 5. Nc3 Qc7 6. Be3 a6 7. Qd2 Nf6 8.
O-O-O Bb4 9. f3 O-O 10. a3 Be7 11. g4 b5 12. g5 Ne8 13. h4 Ne5 14. Nf5 Bd8 15.
Nd4 Be7 16. Nf5 Bd8 17. Nd4 Be7 1/2-1/2

[Event "Manhem Chessweek GM"]
[Site "www.ssmanhem.se"]
[Date "2010.08.15"]
[Round "6"]
[White "Spirin, Oleg"]
[Black "Hillarp Persson, Tiger"]
[Result "0-1"]
[WhiteElo "2468"]
[BlackElo "2538"]
[PlyCount "98"]
[EventDate "2010.08.10"]
[EventRounds "9"]
[EventCategory "9"]

1. d4 d5 2. Nf3 Nf6 3. c4 e6 4. g3 Bb4+ 5. Bd2 Be7 6. Bg2 O-O 7. Qc2 c6 8. O-O
b6 9. Bf4 Bb7 10. Rd1 Nbd7 11. Nc3 Nh5 12. Bc1 f5 13. b3 Bd6 14. e3 Nhf6 15.
cxd5 cxd5 16. Nb5 Rc8 17. Qb1 Bb8 18. Ba3 Re8 19. Qb2 Ne4 20. Rac1 Rxc1 21.
Rxc1 a6 22. Nc3 b5 23. Ne1 e5 24. Ne2 f4 25. exf4 exf4 26. Nxf4 Bxf4 27. gxf4
a5 28. Qc2 b4 29. Bb2 Nf8 30. Nd3 Ng6 31. f3 Nd6 32. Qd2 Qf6 33. Re1 Rxe1+ 34.
Qxe1 Ba6 35. Nc5 Bc8 36. Kh1 Nxf4 37. Bf1 Bh3 38. Bxh3 Nxh3 39. Qe3 Qg6 40. Nd7
Nf5 41. Qe1 Nh4 42. Qf1 Qc2 43. Bc1 Nf2+ 44. Kg1 Nxf3+ 45. Kg2 Ng4+ 46. Kg3 h5
47. Bf4 Ngxh2 48. Qb5 Qg6+ 49. Kf2 Qg1+ 0-1